|
|
|
|
| LEADER |
00000nab a2200000 ar4500 |
| 001 |
vtls009454003 |
| 003 |
SK-MaSNL |
| 005 |
20260319070757.0 |
| 008 |
081210c2008 xo |||||||| |000 b|hun |
| 015 |
|
|
|a SNBRB2008/12
|2 snkbucl
|
| 038 |
|
|
|a SNKBUCL
|
| 040 |
|
|
|a DSZK
|b slo
|c DSZK
|e AACR2
|
| 041 |
0 |
|
|a hun
|
| 044 |
|
|
|a xo
|c SK
|
| 080 |
|
|
|a 82.09:821.511.141-4
|2 1997
|
| 080 |
|
|
|a 821.511.141-4.09
|2 1997
|
| 100 |
1 |
|
|a Szabó, Krisztina,
|d 1985-
|4 aut
|9 1046365
|
| 245 |
1 |
0 |
|a Egy rendkívül megrendítő könyvről
|c Szabó Krisztina
|
| 300 |
|
|
|b Obr.
|
| 600 |
1 |
7 |
|a Tvrtko, Vujity
|t Pokoljárás
|x kritika a interpretácie
|2 snkbucl
|9 1046366
|
| 650 |
0 |
7 |
|a reportáže
|2 snkbucl
|9 75670
|
| 655 |
|
7 |
|a kritika a interpretácie
|2 snkbucl
|9 360040
|
| 773 |
0 |
|
|t Szőrös kő : irodalom, művészet, kritika
|g Évf. 13, sz. 3 (2008), o. 64-65
|x 1335-6321
|
| 852 |
|
|
|a SNK
|b KIS3GCP
|
| 852 |
|
|
|a DSZK
|b KIS3GCP
|
| 958 |
|
|
|a HU
|
| 958 |
|
|
|a LX
|
| 999 |
|
|
|c 1719829
|d 1721759
|